
Library Catalogue

| 000 -LEADER | |
|---|---|
| fixed length control field | 01566cam a2200373 a 4500 |
| 001 - CONTROL NUMBER | |
| control field | 17331795 |
| 005 - DATE AND TIME OF LATEST TRANSACTION | |
| control field | 20260323091919.0 |
| 008 - FIXED-LENGTH DATA ELEMENTS--GENERAL INFORMATION | |
| fixed length control field | 120605s2011 ii ab b 001 0 eng |
| 010 ## - LIBRARY OF CONGRESS CONTROL NUMBER | |
| LC control number | 2012335375 |
| 020 ## - INTERNATIONAL STANDARD BOOK NUMBER | |
| International Standard Book Number | 9780198069713 |
| 020 ## - INTERNATIONAL STANDARD BOOK NUMBER | |
| International Standard Book Number | 0198069715 |
| 025 ## - OVERSEAS ACQUISITION NUMBER | |
| Overseas acquisition number | I-E-2012-335375; 61-31 |
| 035 ## - SYSTEM CONTROL NUMBER | |
| System control number | 17331795 |
| 037 ## - SOURCE OF ACQUISITION | |
| Source of stock number/acquisition | Library of Congress -- New Delhi Overseas Office |
| 040 ## - CATALOGING SOURCE | |
| Original cataloging agency | DLC |
| Transcribing agency | DLC |
| Modifying agency | DLC |
| 042 ## - AUTHENTICATION CODE | |
| Authentication code | lcode |
| -- | pcc |
| 043 ## - GEOGRAPHIC AREA CODE | |
| Geographic area code | a-ii--- |
| 082 ## - DEWEY DECIMAL CLASSIFICATION NUMBER | |
| Classification number | 954 RIZ |
| 245 00 - TITLE STATEMENT | |
| Title | Freedom struggle in Uttar Pradesh, volumes 1-6 / |
| Statement of responsibility, etc. | edited by S.A.A. Rizvi and M.L. Bhargava. |
| 260 ## - PUBLICATION, DISTRIBUTION, ETC. | |
| Place of publication, distribution, etc. | New Delhi : |
| Name of publisher, distributor, etc. | Oxford University Press, |
| Date of publication, distribution, etc. | 2011. |
| 300 ## - PHYSICAL DESCRIPTION | |
| Extent | 6 v. : |
| Other physical details | ill. ; |
| Dimensions | 24 cm. |
| 365 ## - TRADE PRICE | |
| Price amount | Rs. 9,500 Vols |
| 505 ## - FORMATTED CONTENTS NOTE | |
| Formatted contents note | • Volume I. Nature and Origin: 1857-59<br/>• Volume II. Awadh: 1857-59<br/>• Volume III. Bundelkhand and Adjoining Territories: 1857-59<br/>• Volume IV. Eastern and Adjoining Districts: 1857-59<br/>• Volume V. Western Districts and Rohilkhand 1857-59<br/>• Volume VI. Consolidated Idea and Chronologies |
| 651 #0 - SUBJECT ADDED ENTRY--GEOGRAPHIC NAME | |
| Geographic name | Uttar Pradesh (India) |
| General subdivision | History |
| Chronological subdivision | 19th century. |
| 651 #0 - SUBJECT ADDED ENTRY--GEOGRAPHIC NAME | |
| Geographic name | India |
| General subdivision | History |
| Chronological subdivision | Sepoy Rebellion, 1857-1858. |
| 651 #0 - SUBJECT ADDED ENTRY--GEOGRAPHIC NAME | |
| Geographic name | Uttar Pradesh (India) |
| General subdivision | History |
| -- | Autonomy and independence movements. |
| 700 1# - ADDED ENTRY--PERSONAL NAME | |
| Personal name | Rizvi, Saiyid Athar Abbas |
| 700 1# - ADDED ENTRY--PERSONAL NAME | |
| Personal name | Bhargava, Moti Lal. |
| 710 2# - ADDED ENTRY--CORPORATE NAME | |
| Corporate name or jurisdiction name as entry element | Indian Council of Historical Research. |
| 906 ## - LOCAL DATA ELEMENT F, LDF (RLIN) | |
| a | 7 |
| b | cbc |
| c | origode |
| d | 3 |
| e | ncip |
| f | 20 |
| g | y-gencatlg |
| 942 ## - ADDED ENTRY ELEMENTS (KOHA) | |
| Source of classification or shelving scheme | Dewey Decimal Classification |
| Koha item type | BOOKs |
| Withdrawn status | Lost status | Damaged status | Not for loan | Home library | Current library | Shelving location | Date acquired | Cost, normal purchase price | Total Checkouts | Full call number | Barcode | Date last seen | Price effective from | Koha item type | Public note |
|---|---|---|---|---|---|---|---|---|---|---|---|---|---|---|---|
| . | . | 30.05.2017 | 9500.00 | 954 RIZ-I | 28864 | 30.05.2017 | 30.05.2017 | BOOKs | Price for the entire Set of Volumes | ||||||
| . | . | 30.05.2017 | 9500.00 | 954 RIZ-II | 28865 | 30.05.2017 | 30.05.2017 | BOOKs | Price for the entire Set of Volumes | ||||||
| . | . | 30.05.2017 | 9500.00 | 954 RIZ-III | 28866 | 30.05.2017 | 30.05.2017 | BOOKs | Price for the entire Set of Volumes | ||||||
| . | . | 30.05.2017 | 9500.00 | 954 RIZ-V | 28868 | 30.05.2017 | 30.05.2017 | BOOKs | Price for the entire Set of Volumes | ||||||
| . | . | 30.05.2017 | 9500.00 | 954 RIZ-VI | 28869 | 30.05.2017 | 30.05.2017 | BOOKs | Price for the entire Set of Volumes | ||||||
| . | . | 30.05.2017 | 9500.00 | 954 RIZ-IV | 28867 | 30.05.2017 | 30.05.2017 | BOOKs | Price for the entire Set of Volumes |